000 00612nam a2200181 i 4500
001 88672
003 ES-MaACL
005 20230906175912.0
007 t|
008 050105s1963 sp ||||1| spa d
100 1 _aLandais, Hubert.
_969926
245 1 0 _aPorcelana francesa /
_cHubert Landais ; traducido al español por Consuelo G. de Ortega ; fotografías de E. Boudot-Lamotte.
260 _a[Barcelona :
_bPlaza & Janés,
_c1963]
300 _a128 p., 34 lám. :
_bil. ;
_c22 cm.
700 1 _aOrtega, Consuelo G. de.
_987399
700 1 _aBoudot-Lamotte, E.
_930862
852 _aES-MaACL
_jC-23641
_bR.52163
999 _c88672
_d88672